000 00464nam a2200205Ia 4500
001 12026
003 GE_BSU
008 181216s||||||||xx |||||||||||||| ||und||
020 _a9780316646246
040 _cGE_BSU
080 _a821.111-312.4
100 _aCornwell,Patricia
245 4 _aThe last precinct
260 _aLondon
260 _bLiitle, Brown and company.
260 _c2000.
300 _a449p;24cm.
653 _aThe last precinct
942 _cBK
999 _c45203
_d45203